Pohľad na pôsobenie leteckých spoločností na liberalizovanom európskom trhu

Liberalizácia leteckej dopravy. Tri základné koncepty leteckých spoločností: tradičné letecké spoločnosti, charterové letecké spoločnosti, nízkonákladové letecké spoločnosti. Súčasný stav nízkonákladových leteckých spoločnosti v európskych krajinách ako sú Slovenska a Česká republika a ďalšie.

Salvato in:
Dettagli Bibliografici
Autore principale: Sedláčková, Alena
Altri autori: Novák, Andrej
Natura: Capitolo di libro
Lingua:slovacco
Soggetti:
Tags: Aggiungi Tag
Nessun Tag, puoi essere il primo ad aggiungerne!!

MARC

LEADER 00000nla$a2200000$$$4500
001 0078047
005 20220801085402.8
041 0 |a slo 
044 |a CZ 
245 1 0 |a Pohľad na pôsobenie leteckých spoločností na liberalizovanom európskom trhu  |c Alena Sedláčková, Andrej Novák 
520 |a Liberalizácia leteckej dopravy. Tri základné koncepty leteckých spoločností: tradičné letecké spoločnosti, charterové letecké spoločnosti, nízkonákladové letecké spoločnosti. Súčasný stav nízkonákladových leteckých spoločnosti v európskych krajinách ako sú Slovenska a Česká republika a ďalšie. 
610 2 0 |a spoločnosti letecké 
610 2 0 |a Európa 
610 2 0 |a náklady 
100 1 |a Sedláčková, Alena 
700 1 |a Novák, Andrej